00621nam a2200181Ia 4500008004100000020001500041041000800056082001700064100002800081245010100109250000600210260004000216300001200256440000600268650002000274999001900294952012600313210716s2005 xx 000 0 und d a8127217999 aeng a657.046 JAIS aJain, S P; Narang, K L. aAdvanced accountancy: containing principles of accounting.bContaining principles of accounting. a1 aNew DelhibKalyani Publishersc2005 a1176,12 v1 aAccounting(657) c199742d199742 001040708MBAaAIMITbAIMITd2005-11-16g280.00l0o657.046 JAISpMBA02307r2026-05-23 00:00:00v224.00w2021-07-16yBK